Southville International School and Colleges
Your cart is empty.
  • Cart
  • Lists
    Public lists Eva Luna New books Lux_list list_1
    Your lists Log in to create your own lists
  • Log in to your account
  • Your cookies
  • Search history
Southville International School and Colleges
  • Advanced search
  • Recent comments
  • Most popular
  • Libraries

Log in to your account

Log in with GOOGLE


If you do not have an external account, but do have a local account, you can still log in:

  1. Home
  2. MARC view: Little Red Riding Hood /
Normal view MARC view ISBD view

Little Red Riding Hood / (Record no. 104092)

[ view plain ]
MARC details
000 -LEADER
fixed length control field 00562nam a2200181 a 4500
005 - DATE AND TIME OF LATEST TRANSACTION
control field 20140412111313.0
008 - FIXED-LENGTH DATA ELEMENTS--GENERAL INFORMATION
fixed length control field 010402s19uu xx 00 eng d
020 ## - INTERNATIONAL STANDARD BOOK NUMBER
International Standard Book Number 0-7235-4498-0
050 ## - LIBRARY OF CONGRESS CALL NUMBER
Classification number ER
Item number Li72 1990
100 ## - MAIN ENTRY--PERSONAL NAME
Personal name Caddock, Clare
245 ## - TITLE STATEMENT
Title Little Red Riding Hood /
Statement of responsibility, etc retold by Clare Caddock ; illustrated by Gill Guile.
260 ## - PUBLICATION, DISTRIBUTION, ETC. (IMPRINT)
Place of publication, distribution, etc Manchester :
Name of publisher, distributor, etc World International Publishing Limited,
Date of publication, distribution, etc 1990.
300 ## - PHYSICAL DESCRIPTION
Extent 1 v. (unp.) ; ill.
440 ## - SERIES STATEMENT/ADDED ENTRY--TITLE
Title Little Owl First Readers
650 ## - SUBJECT ADDED ENTRY--TOPICAL TERM
Topical term or geographic name as entry element Folk Tales
650 ## - SUBJECT ADDED ENTRY--TOPICAL TERM
Topical term or geographic name as entry element Children's stories
Holdings
Withdrawn status Lost status Damaged status Use restrictions Home library Current library Shelving location Date acquired Source of acquisition Total Checkouts Full call number Barcode Date last seen Price effective from Koha item type
        Elizalde Library Elizalde Library Easy Reading Section 04/02/2001     ER Li72 1990 E6418 04/12/2014 04/12/2014 Books

Little Red Riding Hood /

APA

Caddock C., . (1990). Little Red Riding Hood. Manchester: World International Publishing Limited.

Chicago

Caddock Clare, . 1990. Little Red Riding Hood. Manchester: World International Publishing Limited.

Harvard

Caddock C., . (1990). Little Red Riding Hood. Manchester: World International Publishing Limited.

MLA

Caddock Clare, . Little Red Riding Hood. Manchester: World International Publishing Limited. 1990.

  • Place hold
  • Print
  • Cite
  • Add to your cart (remove)
  • Save record
    BIBTEX Dublin Core MARCXML MARC (non-Unicode/MARC-8) MARC (Unicode/UTF-8) MARC (Unicode/UTF-8, Standard) MODS (XML) RIS
  • More searches
    Search for this title in:
    Other Libraries (WorldCat) Other Databases (Google Scholar) Online Stores (Bookfinder.com) Open Library (openlibrary.org)

Exporting to Dublin Core...

SOUTHVILLE LIBRARY

Southville International School and Colleges Library

1281 Tropical Ave. Cor. Luxembourg St., BF Homes International, Las Pinas City

Tel. No. 8256374 / 252358 Loc. 117/146

Powered by Koha